Superhero/Villain by Actor Quiz Stats

 Plays Quiz Updated Sep 2, 2021

     
Support Sporcle.
Go Orange.
Score 0/26 Timer 07:00
2 Plays Today
Actor Hero % Correct
Tobey MaguireSpider-Man
98.3%
Christian BaleBatman
97%
Heath LedgerThe Joker
88.7%
Halle BerryStorm
86.9%
Robert Downey Jr.Iron Man
86.8%
Hugh JackmanWolverine
86.2%
Ben AffleckDaredevil
80.6%
Christopher ReeveSuperman
77.3%
Will SmithHancock
72.1%
Wesley SnipesBlade
70.2%
Edward NortonHulk
65.3%
Ian McKellenMagneto
64.8%
Nicolas CageGhost Rider
62.2%
Actor Hero % Correct
Jennifer GarnerElektra
62.1%
Ryan ReynoldsDeadpool
61.3%
Jessica AlbaInvisible Woman
59.7%
Patrick StewartProfessor X
55.7%
Ron PerlmanHellboy
45.5%
Anna PaquinRogue
45%
Topher GraceVenom
44.7%
Michael ChiklisThing
39.7%
Famke JanssenPhoenix
39.6%
James MarsdenCyclops
38.5%
Liev SchreiberSabretooth
36.4%
Sylvester StalloneJudge Dredd
28.3%
Billy CrudupDr. Manhattan
21.2%

From the Vault

Actors' Movies by Role VI

by Larryholmes79

Movies 6m
If you forget that these actors aren't really the characters they play, that means they're doing a good job.
Remove Ads.
Support Sporcle.
Get the best of Sporcle when you Go Orange. This ad-free experience offers more features, more stats, and more fun while also helping to support Sporcle. Thank you for becoming a member.

Show Comments

Extras

Top Quizzes Today


Score Distribution

Your Account Isn't Verified!

In order to create a playlist on Sporcle, you need to verify the email address you used during registration. Go to your Sporcle Settings to finish the process.

Report this User

Report this user for behavior that violates our Community Guidelines.

Details: